00678nai a2200169Ia 4500003000900000008004100009022002200050022002300072040001600095245007000111260008600181310001400267362002600281521006900307650003900376856009300415IN-BaIIA211028c9999 xx s 000 0 eng d a2156-342X (Print) a2156-3446 (Online) cIIA Library 0aIEEE Transactions on Terahertz Science and Technologyh[eJournal] aNew York, USAbThe Institute of Electrical and Electronics Engineers, Inc. (IEEE) aBimonthly a1(1); 2011 - Present  bSubscribed through National Knowledge Resource Consortium (NKRC) aFields, Waves and Electromagnetics uhttps://ieeexplore.ieee.org/servlet/opac?punumber=5503871yClick Here to Access eJournal